01427nam a2200277 a 4500001001000000003000900010005001700019007000300036008003300039020001800072040003100090082002900121100005200150245006600202260000600268264004800274300003000322336002700352337003300379338002800412500007000440505049700510600006101007650002501068650005601093000038006DO-SdBPM20250625072030.0ta130312s2012 dr 000 e spa d a9789945489125 aDO-SdBPMbspacBPMSU drda 4aRD864.44bV443j 20122221 aVeloz Maggiolo, Marcio,d1936-2021eautor4aut.10aJuan Bosch :bapuntes sobre su obra /cMarcio Veloz Maggiolo. c  aSanto Domingo :bEditorial Santuario,c2012 a133 páginas . ;c24 cm. atextobtxt2rdacontent asin mediaciónbn2rdamedia avolumenbnc2rdacarrier aIncluye datos biográficos del autor en la solapa de la cubierta aJuan Bosch: tres obras históricas 13 -- Bolívar y la guerra social 39 -- Bosch y Hostos, el Sembrador 49 -- Simón Bolívar, biografía para escolares 67 -- Juan Vicente Gómez Camino hacia el poder 75 -- Bosch, cien años 81 -- Juan Bosch: inicios de una narrativa 87 -- Bosch; Chile y la canción del Mapocho 103 -- Juan Bosch, Tabucchi y la canción de las cabezas perdidas 107 -- La Mañosa Arqueología de un mundo imaginario 111 -- Matos Moquete y la dominicanidad de Bosch14a Bosch, Juan, d1909-2001xCrítica e interpretación  7a Ensayos dominicanos 7aLiteratura dominicana.x Ensayos, conferencias, etc